Vývoj zákonnej úpravy DPH bakalárska práca

Gespeichert in:
Bibliographische Detailangaben
1. Verfasser: Brezániová, Lenka
Körperschaft: Národohospodárska fakulta EU. Katedra financií
Weitere Verfasser: Nekanovič, Miloslav
Format: Buch
Sprache:Slowakisch
Veröffentlicht: Bratislava 2009
Tags: Tag hinzufügen
Keine Tags, Fügen Sie das erste Tag hinzu!

MARC

LEADER 00000nam$a2200000$$$4500
001 0102614
005 20240318141613.0
041 0 |a slo 
044 |a SK 
245 1 0 |a Vývoj zákonnej úpravy DPH  |b bakalárska práca  |c Lenka Brezániová ; škol. Miloslav Nekanovič 
264 1 |a Bratislava  |c 2009 
300 |a 46 s. 
100 1 |a Brezániová, Lenka 
700 1 |a Nekanovič, Miloslav 
710 2 |a Národohospodárska fakulta EU. Katedra financií